| 000 | 01071nam a22002657a 4500 | ||
|---|---|---|---|
| 010 | _a420394 | ||
| 020 | _c140.00 | ||
| 035 | _a420394 | ||
| 037 | _aCen Lib / Ret | ||
| 040 |
_aDPL _bHN |
||
| 082 |
_a220.21 _bसायणा |
||
| 100 | _aसायणाचार्य | ||
| 245 |
_aऋगवेद-संहिता / _bसायणाचार्य ; सम्पादक मन्मोक्षमूलकभट्ट |
||
| 246 |
_aRigved sanhita / _bby Saynacharya ; edited by Mannokshmulakbhatt |
||
| 260 |
_aवाराणसी _bचौखम्बा संस्कृत सीरीज ऑफिस _c1966 |
||
| 270 | _bवाराणसी | ||
| 300 |
_a v 2. 728-1564 ; v 3. 1565-2472 ; v 5.3443-4402 ; _b22cm. |
||
| 490 |
_aचौखम्बा संस्कृत ग्रन्थमाला _v94 |
||
| 650 | _aऋगवेद | ||
| 650 | _aवेद | ||
| 650 | _aRigveda | ||
| 650 | _aVeda | ||
| 700 | _aमन्मोक्षमूलकभट्ट | ||
| 942 |
_2ddc _cHN _h220.21 _mसायणा |
||
| 999 |
_c122234 _d122234 |
||